000 00447nam a22001097a 4500
082 _a370
100 _aसिंह, इंजी.अवनीश कुमार
_983912
245 _aनए भारत की नींव राष्‍ट्रीय शिक्षा नीति-2020
260 _a दिल्‍ली
_b दिल्‍ली प्रभात प्रकाशन
_c2025
650 _aशिक्षा
942 _cBK
999 _c68919
_d68919